| 000 | 00808nam a2200229 i 4500 | ||
|---|---|---|---|
| 001 | 22565 | ||
| 003 | ES-MaACL | ||
| 005 | 20250930063038.0 | ||
| 007 | t| | ||
| 008 | 021203s1873 sp ||||1| spa d | ||
| 080 | _a321.01 | ||
| 080 | _a347.23 | ||
| 100 | 1 |
_aAlvarez Martínez, Cirilo, _d1808-1878 _920872 |
|
| 245 | 1 | 3 |
_aLa sociedad y el estado, la propiedad y la familia : _bdiscurso leído por el presidente de la Academia de Jurisprudencia y Legislación, en 15 de noviembre de 1873 / _cCirilo Álvarez Martínez. |
| 260 |
_aMadrid : _b[s.n., _c1873] |
||
| 300 |
_a24 p. ; _c25 cm. |
||
| 650 | 7 |
_aEstado _2embne _912523 |
|
| 650 | 4 |
_aPropiedad. _916476 |
|
| 710 | 2 |
_aAcademia Matritense de Jurisprudencia y Legislación. _91204 |
|
| 852 | 4 |
_aES-MaACL _jT-153-F-4 |
|
| 999 |
_c22565 _d22565 |
||